<?xml version="1.0" encoding="UTF-8"?>
<collection xmlns="http://www.loc.gov/MARC21/slim">
 <record>
  <leader>01864nam a22002535a 4500</leader>
  <controlfield tag="001">CEM.cems025071</controlfield>
  <controlfield tag="008">260203s2025####sp#######b####000#0#####d</controlfield>
  <controlfield tag="005">20260203150650.0</controlfield>
  <datafield tag="245" ind1="1" ind2="0">
   <subfield code="a">La composición /</subfield>
   <subfield code="c">Antonio Skármeta ; ilustrado por Alfonso Ruano.</subfield>
  </datafield>
  <datafield tag="250" ind1=" " ind2=" ">
   <subfield code="a">1a ed.</subfield>
  </datafield>
  <datafield tag="260" ind1=" " ind2=" ">
   <subfield code="a">Buenos Aires :</subfield>
   <subfield code="b">Calibroscopio ;</subfield>
   <subfield code="a">Barcelona :</subfield>
   <subfield code="b">Ekaré,</subfield>
   <subfield code="c">2025.</subfield>
  </datafield>
  <datafield tag="300" ind1=" " ind2=" ">
   <subfield code="a">36 p.</subfield>
  </datafield>
  <datafield tag="490" ind1="0" ind2=" ">
   <subfield code="a">Biblioteca para una pedagogía de la memoria</subfield>
  </datafield>
  <datafield tag="490" ind1="0" ind2=" ">
   <subfield code="a">Así vivimos</subfield>
  </datafield>
  <datafield tag="500" ind1=" " ind2=" ">
   <subfield code="a">Edición especial de la Dirección General de Cultura y Educación de la Provincia de Buenos Aires.</subfield>
  </datafield>
  <datafield tag="520" ind1=" " ind2=" ">
   <subfield code="a">¿Hay que explicarles a las niñas y los niños lo que es una dictadura? ¿Hay que contarles las malas noticias? ¿Tienen capacidad para entender esa dimensión del horror? El niño de este cuento, que escucha retazos de noticias y presencia un secuestro en plena calle, encuentra en la escuela la forma de escribir una composición para &quot;burlar&quot; al poder. Todas las noches Pedro escucha las noticias con su mamá y su papá. Hace muchas preguntas porque quiere entender qué pasa, pero las respuestas que recibe son siempre imprecisas. Un día, presencia el secuestro del padre de un amigo. Pregunta por qué y le dicen que &quot;estaba en contra de la dictadura&quot;. Una mañana, en la escuela, participa de un concurso literario, organizado tampoco sabe por qué por las Fuerzas Armadas, cuyo título es: &quot;Lo que hace mi familia por las noches&quot;. Pedro escribe una composición, recibe felicitaciones y sorprende a su familia con el contenido de su texto.</subfield>
  </datafield>
  <datafield tag="020" ind1=" " ind2=" ">
   <subfield code="a">9789802573059</subfield>
  </datafield>
  <datafield tag="100" ind1="1" ind2=" ">
   <subfield code="a">Skármeta, Antonio.</subfield>
  </datafield>
  <datafield tag="700" ind1="1" ind2=" ">
   <subfield code="a">Ruano, Alfonso; il.</subfield>
  </datafield>
  <datafield tag="653" ind1=" " ind2=" ">
   <subfield code="a">Literatura infantil y juvenil</subfield>
  </datafield>
  <datafield tag="653" ind1=" " ind2=" ">
   <subfield code="a">Literatura chilena</subfield>
  </datafield>
  <datafield tag="653" ind1=" " ind2=" ">
   <subfield code="a">Dictadura</subfield>
  </datafield>
  <datafield tag="653" ind1=" " ind2=" ">
   <subfield code="a">Biblioteca para una pedagogía de la memoria</subfield>
  </datafield>
  <datafield tag="859" ind1=" " ind2=" ">
   <subfield code="a">CEMS</subfield>
   <subfield code="b">BIB. CEMS - 11 de abril</subfield>
   <subfield code="h">Ch863.4</subfield>
   <subfield code="i">Sk17</subfield>
   <subfield code="p">30541.25</subfield>
   <subfield code="t">Ej.1</subfield>
  </datafield>
 </record>
</collection>
